Pro a proti bankovní unii z pohledu členských států

Skúsenosti členských štátov EÚ s fungovaním bankovej únie. Výhody a slabé stránky členstva v bankovej únii. Jednotný mechanizmus dohľadu a jednotný mechanizmus riešenia kríz bánk. Spoločný systém poistenia vkladov.

Gespeichert in:
Bibliographische Detailangaben
1. Verfasser: Sobková, Martina
Format: Buchkapitel
Sprache:Tschechisch
Schlagworte:
Tags: Tag hinzufügen
Keine Tags, Fügen Sie das erste Tag hinzu!

MARC

LEADER 00000nla a2200000 4500
001 0222171
005 20240111121742.0
041 0 |a cze 
044 |a CZ 
245 1 0 |a Pro a proti bankovní unii z pohledu členských států  |c Martina Sobková 
520 |a Skúsenosti členských štátov EÚ s fungovaním bankovej únie. Výhody a slabé stránky členstva v bankovej únii. Jednotný mechanizmus dohľadu a jednotný mechanizmus riešenia kríz bánk. Spoločný systém poistenia vkladov. 
610 2 0 |a Európska únia 
610 2 0 |a Európska menová únia 
610 2 0 |a Európsky ekonomický priestor 
610 2 0 |a integrácia menová 
610 2 0 |a únie bankové 
610 2 0 |a dohľad nad finančným trhom 
100 1 |a Sobková, Martina